[Event "Titled Tuesday intern op 04th Feb Late"]
[Site "Chess.com INT"]
[Date "2025.02.04"]
[Round "6"]
[White "Smieszek, Wojciech"]
[Black "Novikova, Margarita"]
[Result "1/2-1/2"]
[WhiteElo "2133"]
[BlackElo "1969"]
[PlyCount "120"]
[EventDate "2025.02.04"]
[EventType "swiss (blitz)"]
[EventRounds "11"]
[EventCountry "USA"]
[SourceTitle "CB07_2025"]
[SourceDate "2025.02.12"]
[SourceVersion "1"]
[SourceVersionDate "2025.02.12"]
[SourceQuality "1"]

1. e4 d5 2. exd5 Qxd5 3. Nf3 Nf6 4. d4 Bf5 5. Be2 g6 6. 0-0 Bg7 7. c4 Qd6 8. Nc3 c6 9. Be3 0-0 10. Qd2 Ne4 11. Nxe4 Bxe4 12. Bf4 Qd8 13. Rad1 Bxf3 14. Bxf3 e6 15. b4 a6 16. d5 exd5 17. cxd5 cxd5 18. Bxd5 Nc6 19. a4 Qb6 20. Bd6 Rfd8 21. Bc5 Qc7 22. Qe3 Re8 23. Qf3 Ne5 24. Qg3 Rac8 25. Bd6 Qc3 26. Qxc3 Rxc3 27. Bxb7 Nc4 28. Bxa6 Nxd6 29. Rxd6 Bf8 30. Rd4 Rb3 31. b5 Bc5 32. Rc4 Bb6 33. Rc8 Rxc8 34. Bxc8 Ra3 35. h4 Rxa4 36. h5 Kg7 37. hxg6 hxg6 38. Bd7 Ra2 39. Bc6 Rb2 40. g4 Kf6 41. Kg2 Kg5 42. Kg3 Rb3+ 43. f3 Bc7+ 44. Kf2 Bb6+ 45. Ke2 Kf4 46. Rc1 f5 47. Rc4+ Ke5 48. f4+ Kd6 49. gxf5 gxf5 50. Kd2 Bc5 51. Kc2 Rb4 52. Rxb4 Bxb4 53. Kd3 Kc5 54. Bd7 Ba3 55. Kd2 Bb4+ 56. Ke3 Ba3 57. Kf3 Bc1 58. Kg3 Bd2 59. Bxf5 Kxb5 60. Be6 Bxf4+ 1/2-1/2